Catálogo
Digital

Catálogo
Digital

Diagnostico en Educación Social (Record no. 14460)

MARC details
000 -CABECERA
campo de control de longitud fija 01559nam a2200289 4500
003 - IDENTIFICADOR DEL NÚMERO DE CONTROL
campo de control EC-UNACH
006 - CÓDIGOS DE INFORMACIÓN DE LONGITUD FIJA--CARACTERÍSTICAS DEL MATERIAL ADICIONAL
campo de control de longitud fija s||||gr|||| 00| 00
008 - DATOS DE LONGITUD FIJA--INFORMACIÓN GENERAL
campo de control de longitud fija 150116t9999 mx r gr 000 0 spa d
020 ## - NÚMERO INTERNACIONAL ESTÁNDAR DEL LIBRO
Número Internacional Estándar del Libro 978-84-92948-32-1
040 ## - FUENTE DE LA CATALOGACIÓN
Centro catalogador/agencia de origen EC-UNACH
Centro/agencia transcriptor EC-UNACH
041 ## - CÓDIGO DE LENGUA
Código de lengua del texto/banda sonora o título independiente spa
082 04 - NÚMERO DE LA CLASIFICACIÓN DECIMAL DEWEY
Número de edición 23
Número de clasificación 370.15
Número de documento/Ítem L017452
100 ## - ENTRADA PRINCIPAL--NOMBRE DE PERSONA
Nombre de persona Garcia, Piedad
245 ## - MENCIÓN DE TÍTULO
Título Diagnostico en Educación Social
250 ## - MENCIÓN DE EDICIÓN
Mención de edición Primera Edición
264 ## - Producción, publicación, distribución, fabricación y copyright
Lugar de producción, publicación, distribución, fabricación Madrid
Nombre del de productor, editor, distribuidor, fabricante Editorial Sanz y Torres
Fecha de de producción, publicación, distribución, fabricación o copyright 2010
300 ## - DESCRIPCIÓN FÍSICA
Extensión 532 paginas
Otras características físicas Tablas
Dimensiones 24 cm.
505 ## - NOTA DE CONTENIDO CON FORMATO
Nota de contenido con formato Aproximación histórica al concepto de diagnostico.- Modelos y guías deontológicas para el diagnostico en educación social.- Conceptos fundamentales del diagnostico en educación social.-Técnicas e instrumentos del diagnostico en situaciones socioeducativas complejas.- Pruebas estandarizadas y técnicas de observación sistemática.- Autoinformes cuestionarios entrevistas escalas de actitudes y técnicas proyectivas.- Análisis de necesidades socioeducativas y técnicas grupales.- Diagnostico socioeducativo aplicado a diversos contextos.- El ambiente y sus interacciones con el sujeto.- El diagnostico socioeducativo aplicado al contexto familiar.- El diagnostico socioeducativo aplicado al contexto laboral.- Diagnostico maltrato infantil.- La agresividad/violencia infanto juvenil
650 ## - PUNTO DE ACCESO ADICIONAL DE MATERIA--TÉRMINO DE MATERIA
Término de materia o nombre geográfico como elemento inicial MALTRATO
650 ## - PUNTO DE ACCESO ADICIONAL DE MATERIA--TÉRMINO DE MATERIA
Término de materia o nombre geográfico como elemento inicial VIOLENCIA
650 ## - PUNTO DE ACCESO ADICIONAL DE MATERIA--TÉRMINO DE MATERIA
Término de materia o nombre geográfico como elemento inicial EDUCACIÓN
650 ## - PUNTO DE ACCESO ADICIONAL DE MATERIA--TÉRMINO DE MATERIA
Término de materia o nombre geográfico como elemento inicial SOCIEDAD
942 ## - ELEMENTOS DE PUNTO DE ACCESO ADICIONAL (KOHA)
Fuente del sistema de clasificación o colocación Clasificación Decimal Dewey
Tipo de ítem Koha Libros
999 ## - NÚMEROS DE CONTROL DE SISTEMA (KOHA)
Koha biblionumber 14460
Holdings
Estado de pérdida Fuente del sistema de clasificación o colocación Estado dañado No para préstamo Localización permanente Ubicación/localización actual Ubicación en estantería Fecha de adquisición Número de inventario Total de préstamos Signatura topográfica completa Código de barras Fecha visto por última vez Precio válido a partir de Tipo de ítem Koha Centro de costos
  Clasificación Decimal Dewey     Biblioteca Campus Sur Biblioteca Campus Sur Fac. Cs Educación - Psicología Educativa 26/03/2026 39933082   370.15 GAR L017452 L017452 26/03/2026 26/03/2026 Libros  

Powered by Koha